000 00499cam a2200205ua 4500
001 8235
005 20260515114317.0
008 150113n ii |||gr||||Z||||||hin
040 _cMAIN
041 _ahin
082 _a891.432
100 _aGupta, L. S.,
_eAuthor.
245 1 _aMukti ka rahasya
_cBy Lakshmi Sankar Gupta
250 _a1st.
260 _aKolkatta:
_bHindi,
_c1994.
300 _a150p.
653 _aEast Indo-European & Celtic literatures
653 _aHindi drama
942 _cBK
999 _c7345
_d7345